01022cam a2200289 i 450000100060000000300080000600500170001400800390003102000160007003500190008604000270010504100080013208200260014010000280016624500880019426000510028230000290033350400260036250400200038865000360040865100410044465100490048570000280053494200120056299900170057495201410059132998BD-RjUL20211209051930.0140429r19851980enkah b 001 0 eng a0856132799  a(BD-RjUL)33088 aDLCcDLCdBD-RjULbeng aeng00a961.022219bBRM 19851 aBrett, Michael.910028514aThe Moors :bIslam in the west /ctext by Michael Brett ; photos. by Werner Forman. aLondon :bOrbis Pub.,cc1980 [Reprinted 1985]. a128 p. :bill. ;c31 cm. aBibliography: p. 126. aIncludes index. 0aMuslimszSpainxHistory.981902 0aAfrica, NorthxCivilization.9100286 0aWestern MediterraneanxCivilization.91002871 aForman, Werner.9100288 2ddccBK c32998d32998 00102ddc40718NFICaRUCLbRUCLcReadingd1988-07-06eManik Bro.g15.00l0o961.022 BRM 1985r2014-04-29 00:00:00tC-1w2014-04-29yBK